000 00563nam a2200217Ia 4500
008 161112s9999 xx 000 0 und d
020 _a1-84000-7729
050 _aCUL TX 815
050 _b.V36 2004
100 _aVan Straten, Michael.
245 0 _aSuper hot drinks /
245 0 _cMichael Van Straten.
260 _aLondon :
260 _bMitchell Beazley,
260 _c2004
300 _a128 pages :
300 _bcolor illustrations ;
300 _c24 cm.
500 _aIncludes index.
650 _aNon-alcoholic beverages -- Therapeutic use.
999 _c305234
_d305234